[Event "RUS-ch Rapid (Women)"]
[Site "Sochi"]
[Date "2023.10.15"]
[Round "1"]
[White "Charochkina, Daria"]
[Black "Nagaeva, Aliia"]
[Result "1-0"]
[WhiteElo "2301"]
[BlackElo "1857"]
[PlyCount "49"]
[EventDate "2023.10.15"]
[EventType "swiss (rapid)"]
[EventRounds "11"]
[EventCountry "RUS"]
[SourceTitle "Mega2024 Update 01"]
[Source "Chessbase"]
[SourceDate "2023.11.12"]
[SourceVersion "1"]
[SourceVersionDate "2023.11.12"]
[SourceQuality "1"]

1. d4 Nf6 2. c4 e6 3. Nc3 Bb4 4. e3 b6 5. Bd3 Bb7 6. f3 0-0 7. Nge2 d5 8. a3 Be7 9. cxd5 Nxd5 10. Qc2 g6 11. Nxd5 exd5 12. e4 Ba6 13. Bh6 Bxd3 14. Qxd3 Re8 15. Rd1 Nd7 16. 0-0 Bg5 17. Bxg5 Qxg5 18. Nc3 dxe4 19. fxe4 c5 20. Nd5 Rad8 21. dxc5 bxc5 22. Qc3 Rf8 23. Rd3 Ne5 24. Rg3 Ng4 25. Rxg4 1-0

[Event "Cheliabinsk Lozovatsky Memorial-B"]
[Site "Cheliabinsk"]
[Date "2023.01.30"]
[Round "4"]
[White "Nagaeva, Aliia"]
[Black "Strutinskaya, Galina N"]
[Result "1-0"]
[WhiteElo "1882"]
[BlackElo "2168"]
[PlyCount "55"]
[EventDate "2023.01.27"]
[EventType "swiss"]
[EventRounds "10"]
[EventCountry "RUS"]
[SourceTitle "CBM 212 Extra"]
[Source "ChessBase"]
[SourceDate "2023.03.31"]
[SourceVersion "1"]
[SourceVersionDate "2023.03.31"]
[SourceQuality "1"]

1. e4 c5 2. Nf3 Nc6 3. d4 cxd4 4. Nxd4 Nf6 5. Nc3 e5 6. Ndb5 d6 7. Bg5 a6 8. Na3 b5 9. Nd5 Be7 10. Bxf6 Bxf6 11. c4 b4 12. Nc2 a5 13. g3 Ra7 14. Bg2 Bg5 15. 0-0 0-0 16. Qd3 g6 17. Rad1 f5 18. Nde3 Bxe3 19. fxe3 Bd7 20. Qxd6 Qb6 21. exf5 gxf5 22. Qh6 Rf7 23. Rd6 b3 24. Bxc6 bxc2 25. Bxd7 Qxb2 26. Be6 Qb8 27. Bxf7+ Rxf7 28. Qg5+ 1-0

[Event "Cheliabinsk Panchenko Memorial op-B"]
[Site "Cheliabinsk"]
[Date "2022.09.17"]
[Round "6"]
[White "Nagaeva, Aliia"]
[Black "Musaeva, Shakhnazi"]
[Result "1/2-1/2"]
[WhiteElo "1870"]
[BlackElo "1599"]
[PlyCount "96"]
[EventDate "2022.09.12"]
[EventType "swiss"]
[EventRounds "10"]
[EventCountry "RUS"]
[SourceTitle "CBM 210 Extra"]
[Source "ChessBase"]
[SourceDate "2022.11.30"]
[SourceVersion "1"]
[SourceVersionDate "2022.11.30"]
[SourceQuality "1"]

1. e4 c5 2. Nf3 Nf6 3. e5 Nd5 4. Nc3 e6 5. Ne4 f5 6. Nc3 Nc6 7. Nxd5 exd5 8. d4 d6 9. Bf4 Be7 10. exd6 Bxd6 11. Bxd6 Qxd6 12. dxc5 Qxc5 13. Qe2+ Ne7 14. Qb5+ Qxb5 15. Bxb5+ Bd7 16. Bxd7+ Kxd7 17. 0-0-0 Rac8 18. Rhe1 Rhe8 19. b3 b5 20. Kb2 b4 21. Ne5+ Kd6 22. Nc4+ Kc7 23. Ne3 Red8 24. Rd4 a5 25. Red1 Kc6 26. a3 Kc5 27. c4 bxc3+ 28. Kxc3 Rd6 29. Kb2 Rcd8 30. b4+ axb4 31. Rxb4 Kc6 32. Rc1+ Kd7 33. Rb7+ Ke6 34. Rxe7+ Kxe7 35. Nxf5+ Ke6 36. Nxd6 Kxd6 37. Kc3 Re8 38. Kd2 Ra8 39. Rc3 d4 40. Rg3 g6 41. Rb3 Ra7 42. Kd3 Kc5 43. f4 Re7 44. Kd2 Kd5 45. Rb5+ Kc4 46. Rb4+ Kc5 47. Rb8 Ra7 48. Rb3 Kc4 1/2-1/2

[Event "Moscow op-B (Women) 18th"]
[Site "Moscow"]
[Date "2022.07.14"]
[Round "1"]
[White "Nagaeva, Aliia"]
[Black "Voit, Daria"]
[Result "0-1"]
[WhiteElo "1754"]
[BlackElo "2340"]
[PlyCount "96"]
[EventDate "2022.07.14"]
[EventType "swiss"]
[EventRounds "9"]
[EventCountry "RUS"]
[SourceTitle "CBM 209 Extra"]
[Source "ChessBase"]
[SourceDate "2022.09.30"]
[SourceVersion "1"]
[SourceVersionDate "2022.09.30"]
[SourceQuality "1"]

1. e4 e5 2. Nf3 Nc6 3. Bc4 Nf6 4. d3 Bc5 5. 0-0 0-0 6. c3 d5 7. exd5 Nxd5 8. h3 Bf5 9. Bg5 f6 10. Be3 Be7 11. d4 e4 12. Nfd2 Kh8 13. Be2 Bg6 14. c4 Nxe3 15. fxe3 Nxd4 16. exd4 Qxd4+ 17. Kh1 e3 18. Nb3 Qxb2 19. Bf3 Rad8 20. Qc1 Qe5 21. c5 a5 22. Na3 a4 23. Nc4 Qg5 24. Nba5 Bxc5 25. Nxb7 Bd4 26. Nxd8 Rxd8 27. Rd1 c5 28. Qxe3 Qg3 29. Rac1 Re8 30. Qd2 Bf7 31. Re1 Rb8 32. Ne3 Bg6 33. Nf1 Qh4 34. Rc4 a3 35. Ra4 h5 36. Ra8 Rxa8 37. Bxa8 c4 38. Rd1 Be5 39. Qd8+ Kh7 40. Bd5 c3 41. Bg8+ Kh6 42. Qd5 Be4 43. Qd7 Qf2 44. Ne3 Qg3 45. Kg1 Qxe3+ 46. Kf1 c2 47. Bc4 cxd1Q+ 48. Qxd1 Bd4 0-1

[Event "Chigorin Memorial 28th"]
[Site "St Petersburg"]
[Date "2021.10.26"]
[Round "4"]
[White "Klobukov, Sergey"]
[Black "Nagaeva, Aliia"]
[Result "1/2-1/2"]
[WhiteElo "1572"]
[BlackElo "1870"]
[PlyCount "83"]
[EventDate "2021.10.23"]
[EventType "swiss"]
[EventRounds "9"]
[EventCountry "RUS"]
[SourceTitle "EXT 2023"]
[Source "ChessBase"]
[SourceDate "2022.10.05"]
[SourceVersion "1"]
[SourceVersionDate "2022.10.05"]
[SourceQuality "1"]

1. Nf3 Nf6 2. b3 g6 3. Bb2 Bg7 4. g3 0-0 5. Bg2 d6 6. d4 Nc6 7. 0-0 Nd7 8. c4 e5 9. dxe5 Ndxe5 10. Nc3 Nxf3+ 11. Bxf3 Bh3 12. Re1 h5 13. Qd2 Rb8 14. Nd5 Ne5 15. Bg2 Bxg2 16. Kxg2 Ng4 17. Bxg7 Kxg7 18. Qd4+ f6 19. Qxa7 Qd7 20. Qd4 Nh6 21. Rad1 Nf5 22. Qc3 c6 23. Ne3 Nh6 24. Rd4 Nf7 25. Red1 Qe6 26. R1d2 Rbd8 27. f3 Rh8 28. Re4 Qd7 29. Nc2 Ng5 30. Rh4 Rhe8 31. e4 Qe7 32. Ne3 Qe5 33. Qxe5 dxe5 34. Re2 Rd3 35. Kf1 Red8 36. g4 hxg4 37. Rxg4 Ne6 38. Nf5+ Kf7 39. Nh6+ Kg7 40. Nf5+ Kf7 41. Nh6+ Kg7 42. Nf5+ 1/2-1/2

[Event "Cheliabinsk Panchenko Memorial op-B"]
[Site "Cheliabinsk"]
[Date "2021.09.18"]
[Round "6"]
[White "Nagaeva, Aliia"]
[Black "Petrukhina, Olga"]
[Result "1-0"]
[WhiteElo "1870"]
[BlackElo "2033"]
[PlyCount "123"]
[EventDate "2021.09.13"]
[EventType "swiss"]
[EventRounds "10"]
[EventCountry "RUS"]
[SourceTitle "CBM 204 Extra"]
[Source "ChessBase"]
[SourceDate "2021.11.30"]
[SourceVersion "1"]
[SourceVersionDate "2021.11.30"]
[SourceQuality "1"]

1. e4 e6 2. d4 d5 3. Nc3 Bb4 4. e5 c5 5. a3 Bxc3+ 6. bxc3 Ne7 7. Nf3 Qc7 8. Bb5+ Bd7 9. Bd3 h6 10. 0-0 c4 11. Be2 Ba4 12. Be3 Nbc6 13. Ne1 0-0-0 14. f4 f5 15. exf6 gxf6 16. Bg4 f5 17. Bh5 Ng8 18. Qe2 Nf6 19. Bf3 Rde8 20. g3 Qa5 21. Qd2 Rd8 22. Bf2 Ne4 23. Bxe4 dxe4 24. Qe3 Ne7 25. d5 Nxd5 26. Qd4 Kb8 27. Qe5+ Ka8 28. Bd4 Rhe8 29. Ra2 Qa6 30. Ng2 e3 31. Nxe3 Ne7 32. Rb1 Nc6 33. Qc5 Nxd4 34. cxd4 Rc8 35. Qe5 c3 36. Kf2 h5 37. h4 Rcd8 38. Rb4 Rc8 39. Qf6 b6 40. Qf7 Bc6 41. Qxh5 Qb7 42. Qe2 Rg8 43. Ra1 Rcd8 44. Rg1 Be4 45. Nd1 a5 46. Rc4 b5 47. Rc5 Rxd4 48. Nxc3 Rgd8 49. Qxb5 Rd2+ 50. Ne2 Qxb5 51. Rxb5 Bxc2 52. Rxa5+ Kb7 53. Re5 R8d6 54. h5 Be4 55. h6 Rd7 56. Rxe6 R2d3 57. Rb1+ Kc7 58. Rc1+ Kd8 59. Rg6 Rf3+ 60. Ke1 Rxa3 61. Rg8+ Ke7 62. h7 1-0

[Event "Cheliabinsk Panchenko Memorial op-B"]
[Site "Cheliabinsk"]
[Date "2021.09.16"]
[Round "4"]
[White "Nagaeva, Aliia"]
[Black "Eidelson, Rakhil"]
[Result "1-0"]
[WhiteElo "1870"]
[BlackElo "1935"]
[PlyCount "101"]
[EventDate "2021.09.13"]
[EventType "swiss"]
[EventRounds "10"]
[EventCountry "RUS"]
[SourceTitle "CBM 204 Extra"]
[Source "ChessBase"]
[SourceDate "2021.11.30"]
[SourceVersion "1"]
[SourceVersionDate "2021.11.30"]
[SourceQuality "1"]

1. e4 c5 2. Nf3 Nc6 3. d4 cxd4 4. Nxd4 Nf6 5. Nc3 d6 6. Bg5 e6 7. f3 a6 8. Qd2 h6 9. Be3 Bd7 10. g4 b5 11. 0-0-0 b4 12. Nce2 d5 13. Nxc6 Bxc6 14. Nd4 Bb7 15. e5 Nd7 16. f4 Nc5 17. Bd3 Ne4 18. Bxe4 dxe4 19. f5 Qd5 20. fxe6 fxe6 21. Rhf1 Be7 22. Qf2 0-0-0 23. Nf5 Qxa2 24. Nxe7+ Kb8 25. Rd6 Rc8 26. Nxc8 Rxc8 27. Bd4 e3 28. Bxe3 b3 29. c3 Qa1+ 30. Kd2 Qxb2+ 31. Ke1 Qb1+ 32. Rd1 Qg6 33. Qf4 Be4 34. Qf7 Qxf7 35. Rxf7 b2 36. Rf4 b1Q 37. Rxb1+ Bxb1 38. Rb4+ Ka8 39. Rxb1 Rxc3 40. Kf2 Rc2+ 41. Kg3 Rc3 42. Kf3 Rc6 43. h4 a5 44. Rb6 Rxb6 45. Bxb6 a4 46. Bc5 Kb7 47. Kf4 g6 48. Ke4 Kc6 49. Bf8 h5 50. gxh5 gxh5 51. Bd6 1-0

[Event "Cheliabinsk Panchenko Memorial op-B"]
[Site "Cheliabinsk"]
[Date "2021.09.14"]
[Round "2"]
[White "Nagaeva, Aliia"]
[Black "Danilova, Rada"]
[Result "0-1"]
[WhiteElo "1870"]
[BlackElo "2032"]
[PlyCount "78"]
[EventDate "2021.09.13"]
[EventType "swiss"]
[EventRounds "10"]
[EventCountry "RUS"]
[SourceTitle "CBM 204 Extra"]
[Source "ChessBase"]
[SourceDate "2021.11.30"]
[SourceVersion "1"]
[SourceVersionDate "2021.11.30"]
[SourceQuality "1"]

1. e4 c5 2. Nf3 Nc6 3. d4 cxd4 4. Nxd4 Nf6 5. Nc3 e5 6. Ndb5 d6 7. Bg5 a6 8. Na3 b5 9. Nd5 Be7 10. Bxf6 Bxf6 11. c4 b4 12. Nc2 a5 13. g3 Bg5 14. Bg2 0-0 15. 0-0 Be6 16. Nde3 b3 17. axb3 Rb8 18. Qd3 Qb6 19. Ra3 Rfd8 20. Nd5 Bxd5 21. exd5 Nb4 22. Nxb4 Qxb4 23. h4 Bh6 24. g4 Qd2 25. Qxd2 Bxd2 26. Rd1 Bb4 27. Raa1 g6 28. Be4 Rf8 29. Rd3 f5 30. gxf5 gxf5 31. Rg3+ Kh8 32. Bc2 e4 33. Kf1 Rbe8 34. f4 Bd2 35. Rg2 Bxf4 36. Rxa5 Be3 37. Ra6 f4 38. Rxd6 f3 39. Rg4 Ra8 0-1

[Event "Cheliabinsk Panchenko Memorial op-B"]
[Site "Cheliabinsk"]
[Date "2021.09.13"]
[Round "1"]
[White "Nur Mukhametova, Alisa"]
[Black "Nagaeva, Aliia"]
[Result "1-0"]
[WhiteElo "2225"]
[BlackElo "1870"]
[PlyCount "91"]
[EventDate "2021.09.13"]
[EventType "swiss"]
[EventRounds "10"]
[EventCountry "RUS"]
[SourceTitle "CBM 204 Extra"]
[Source "ChessBase"]
[SourceDate "2021.11.30"]
[SourceVersion "1"]
[SourceVersionDate "2021.11.30"]
[SourceQuality "1"]

1. d4 Nf6 2. c4 e6 3. Nf3 Bb4+ 4. Nbd2 0-0 5. e3 Ne4 6. Bd3 f5 7. 0-0 Bxd2 8. Nxd2 Nxd2 9. Bxd2 d5 10. f3 c6 11. Qe2 Nd7 12. Bc3 Nf6 13. Rae1 Bd7 14. e4 fxe4 15. fxe4 dxe4 16. Bxe4 Nxe4 17. Qxe4 Qg5 18. Bb4 Rxf1+ 19. Rxf1 e5 20. dxe5 Qg4 21. Qd3 Be6 22. Qd6 h5 23. b3 Re8 24. h3 Qg6 25. Kh2 Kh7 26. Rf3 Qe4 27. Qc7 h4 28. Bf8 Qg6 29. Be7 Qh5 30. Rf4 Kg8 31. Qd6 Qg6 32. Bxh4 Qh6 33. Bg3 Qg5 34. Rf3 Qe7 35. Qd4 c5 36. Qe4 b6 37. Bh4 Qd7 38. Rg3 Bf5 39. Qf4 g6 40. Bf6 Kf7 41. Rf3 Ke6 42. g4 Bc2 43. Bg5 Qg7 44. Bh6 Qe7 45. Qd2 Be4 46. Rf6+ 1-0

[Event "Botvinnik Cup"]
[Site "Moscow"]
[Date "2020.12.21"]
[Round "4.4"]
[White "Kobalia, Mihail"]
[Black "Nagaeva, Aliia"]
[Result "1-0"]
[WhiteElo "2587"]
[BlackElo "1629"]
[PlyCount "67"]
[EventDate "2020.12.18"]
[EventType "team-tourn"]
[EventRounds "5"]
[EventCountry "RUS"]
[SourceTitle "CBM 199 Extra"]
[Source "ChessBase"]
[SourceDate "2021.01.31"]
[SourceVersion "1"]
[SourceVersionDate "2021.01.31"]
[SourceQuality "1"]
[WhiteTeam "Russia"]
[BlackTeam "Kazan"]
[WhiteTeamCountry "RUS"]
[BlackTeamCountry "RUS"]

1. e4 c5 2. Nf3 Nc6 3. Bb5 e6 4. Bxc6 dxc6 5. 0-0 Nf6 6. d3 Be7 7. a4 b5 8. Nbd2 0-0 9. b3 Qc7 10. Bb2 Nd7 11. e5 a6 12. Re1 Rb8 13. c4 Rd8 14. Bc3 b4 15. Bb2 Nf8 16. Ne4 Ng6 17. g3 Qd7 18. Re3 a5 19. h4 h6 20. Qe2 Ba6 21. Kh2 Qc7 22. Kh1 Rd7 23. Rg1 Qd8 24. h5 Nf8 25. Nh2 Nh7 26. f4 Bc8 27. g4 Ra7 28. g5 hxg5 29. fxg5 Bxg5 30. Nxg5 Nxg5 31. Reg3 f6 32. exf6 gxf6 33. Rxg5+ fxg5 34. Qe5 1-0

[Event "Botvinnik Cup"]
[Site "Moscow"]
[Date "2020.12.19"]
[Round "2.8"]
[White "Nagaeva, Aliia"]
[Black "Grachev, Boris V"]
[Result "0-1"]
[WhiteElo "1629"]
[BlackElo "2619"]
[PlyCount "66"]
[EventDate "2020.12.18"]
[EventType "team-tourn"]
[EventRounds "5"]
[EventCountry "RUS"]
[SourceTitle "CBM 199 Extra"]
[Source "ChessBase"]
[SourceDate "2021.01.31"]
[SourceVersion "1"]
[SourceVersionDate "2021.01.31"]
[SourceQuality "1"]
[WhiteTeam "Kazan"]
[BlackTeam "Moscow"]
[WhiteTeamCountry "RUS"]
[BlackTeamCountry "RUS"]

1. e4 c5 2. Nf3 e6 3. d4 cxd4 4. Nxd4 Nf6 5. f3 Nc6 6. Nc3 d5 7. exd5 Nxd5 8. Nxd5 exd5 9. Nxc6 bxc6 10. Bd3 Qh4+ 11. g3 Qf6 12. c3 Bc5 13. Qe2+ Kd8 14. h4 h6 15. Kd1 Re8 16. Qf1 Be3 17. Kc2 Bxc1 18. Rxc1 Re3 19. f4 Bf5 20. Bxf5 Qxf5+ 21. Kb3 Rb8+ 22. Ka3 d4 23. b4 a5 24. Kb2 dxc3+ 25. Rxc3 Rxb4+ 26. Rb3 Qf6+ 27. Ka3 Qd6 28. Kb2 Qd2+ 29. Ka1 Qd4+ 30. Kb1 Rbxb3+ 31. axb3 Rxb3+ 32. Kc1 Qa1+ 33. Kd2 Qa2+ 0-1

[Event "Moscow op (Women) 16th"]
[Site "Moscow"]
[Date "2020.02.02"]
[Round "9"]
[White "Nagaeva, Aliia"]
[Black "Kovaleva, Ekaterina"]
[Result "1/2-1/2"]
[WhiteElo "1671"]
[BlackElo "1903"]
[PlyCount "123"]
[EventDate "2020.01.25"]
[EventType "swiss"]
[EventRounds "9"]
[EventCountry "RUS"]
[SourceTitle "CBM 194 Extra"]
[Source "ChessBase"]
[SourceDate "2020.03.31"]
[SourceVersion "1"]
[SourceVersionDate "2020.03.31"]
[SourceQuality "1"]

1. e4 e5 2. Nf3 Nc6 3. Bc4 Nf6 4. d3 Bc5 5. c3 0-0 6. 0-0 d6 7. Nbd2 a6 8. Bb3 Ba7 9. h3 Ne7 10. Re1 Ng6 11. Nf1 Nh5 12. d4 Qe7 13. Bg5 Qe8 14. dxe5 h6 15. Nh4 Nxh4 16. Bxh4 Qxe5 17. Qf3 g6 18. Ne3 Qf4 19. Qxf4 Nxf4 20. Nd5 Nxd5 21. Bxd5 g5 22. Bg3 Rb8 23. Bb3 Be6 24. Rad1 Rbd8 25. Kf1 Rfe8 26. f3 Kg7 27. Bxe6 fxe6 28. c4 Kf7 29. Rd3 Rd7 30. Red1 Red8 31. b4 Ke7 32. Bf2 Bxf2 33. Kxf2 c6 34. Ke3 d5 35. exd5 cxd5 36. cxd5 Rxd5 37. Rxd5 exd5 38. Rc1 Kd6 39. a3 Re8+ 40. Kd3 Re7 41. g3 Rf7 42. Rf1 Rg7 43. Rc1 h5 44. Rc8 h4 45. g4 Rf7 46. Ke3 Rf4 47. Rg8 d4+ 48. Kf2 d3 49. Rd8+ Ke5 50. Rxd3 Rc4 51. Re3+ Kf4 52. Re2 Rd4 53. Rc2 b6 54. Ke2 Kg3 55. Rc1 Kxh3 56. Ke3 Rd8 57. f4 gxf4+ 58. Kxf4 Rf8+ 59. Kg5 Rg8+ 60. Kh5 Rh8+ 61. Kg5 Rg8+ 62. Kh5 1/2-1/2

[Event "Moscow op (Women) 16th"]
[Site "Moscow"]
[Date "2020.01.30"]
[Round "6"]
[White "Ismayil, Malak"]
[Black "Nagaeva, Aliia"]
[Result "1-0"]
[WhiteElo "1974"]
[BlackElo "1671"]
[PlyCount "131"]
[EventDate "2020.01.25"]
[EventType "swiss"]
[EventRounds "9"]
[EventCountry "RUS"]
[SourceTitle "CBM 194 Extra"]
[Source "ChessBase"]
[SourceDate "2020.03.31"]
[SourceVersion "1"]
[SourceVersionDate "2020.03.31"]
[SourceQuality "1"]

1. e4 c5 2. Nf3 Nc6 3. Bb5 e6 4. Bxc6 bxc6 5. e5 d5 6. exd6 Bxd6 7. d3 Nf6 8. 0-0 0-0 9. Bg5 h6 10. Bh4 Be7 11. Nbd2 a5 12. a4 Ba6 13. Re1 Qb6 14. b3 Nd5 15. Bxe7 Nxe7 16. Ne5 Rad8 17. Qf3 Nd5 18. h4 Qc7 19. h5 Rfe8 20. g3 f6 21. Ng6 Nb4 22. Rac1 Nxd3 23. cxd3 Rxd3 24. Qg4 f5 25. Qf4 Qxf4 26. Nxf4 Rxd2 27. Rxc5 Rd6 28. Rxa5 Bc8 29. Rxf5 Rd1 30. Rxd1 exf5 31. Rc1 Bd7 32. Kf1 Kf7 33. a5 Ra8 34. b4 Kf6 35. Ke2 Rb8 36. Rc4 Be8 37. Kd2 Rc8 38. Kc3 Bf7 39. Rc5 Be8 40. b5 Bd7 41. b6 Rb8 42. Nd3 Ke6 43. Ne5 Bc8 44. Kd4 Bb7 45. Nxc6 Rc8 46. Nb4 Rd8+ 47. Ke3 Kd6 48. Rc7 Re8+ 49. Kd3 Be4+ 50. Kc3 Rb8 51. Rxg7 Rc8+ 52. Kb3 Rc5 53. b7 Rb5 54. a6 Kc5 55. Rc7+ Kd6 56. Rc8 Bxb7 57. axb7 Rxb7 58. Kc4 Ke5 59. f3 Kf6 60. Rg8 Rc7+ 61. Kd4 Rh7 62. Rg6+ Kf7 63. Ra6 Rh8 64. Nd5 Kg7 65. Ra7+ Kg8 66. Ne7+ 1-0

[Event "Nezhmetdinov Memorial 40th"]
[Site "Kazan"]
[Date "2018.09.21"]
[Round "9"]
[White "Nagaeva, Aliia"]
[Black "Guzhova, Amina"]
[Result "1/2-1/2"]
[WhiteElo "1605"]
[BlackElo "1554"]
[PlyCount "68"]
[EventDate "2018.09.13"]
[EventType "swiss"]
[EventRounds "9"]
[EventCountry "RUS"]
[SourceTitle "CBM 186 Extra"]
[Source "ChessBase"]
[SourceDate "2018.08.24"]
[SourceVersion "1"]
[SourceVersionDate "2018.08.24"]
[SourceQuality "1"]

1. Nf3 Nf6 2. g3 g6 3. Bg2 Bg7 4. 0-0 0-0 5. d3 d6 6. e4 e5 7. Nbd2 Nbd7 8. Ne1 Ne8 9. f4 f5 10. fxe5 Nxe5 11. exf5 Rxf5 12. Rxf5 gxf5 13. Ndf3 c6 14. d4 Nxf3+ 15. Nxf3 Nf6 16. c3 d5 17. Bf4 Ne4 18. Ne5 Be6 19. Qb3 Qb6 20. Nd3 Re8 21. Re1 Bd7 22. Qxb6 axb6 23. Bc7 b5 24. Be5 Bf8 25. Nf4 Ra8 26. a3 Be7 27. Bh3 Rf8 28. Nd3 Be6 29. Nf2 Bc8 30. Bf4 Re8 31. Nd1 Rf8 32. Ne3 Be6 33. Rf1 Nd2 34. Rf2 Ne4 1/2-1/2

[Event "Nezhmetdinov Memorial 40th"]
[Site "Kazan"]
[Date "2018.09.17"]
[Round "5"]
[White "Nagaeva, Aliia"]
[Black "Rafikov, Danis"]
[Result "0-1"]
[WhiteElo "1605"]
[BlackElo "1307"]
[PlyCount "90"]
[EventDate "2018.09.13"]
[EventType "swiss"]
[EventRounds "9"]
[EventCountry "RUS"]
[SourceTitle "CBM 186 Extra"]
[Source "ChessBase"]
[SourceDate "2018.08.24"]
[SourceVersion "1"]
[SourceVersionDate "2018.08.24"]
[SourceQuality "1"]

1. d4 d5 2. Bf4 e6 3. e3 Nf6 4. Nd2 Bd6 5. Bg3 0-0 6. Ngf3 b6 7. Bd3 Ba6 8. Bxa6 Nxa6 9. Ne5 c5 10. c3 Qc7 11. f4 Nb8 12. Qf3 Nc6 13. Bh4 Be7 14. Bxf6 Bxf6 15. h4 cxd4 16. exd4 Bxe5 17. fxe5 f6 18. Qg4 Rae8 19. 0-0-0 fxe5 20. dxe5 Nxe5 21. Qe2 Ng6 22. Kb1 Nf4 23. Qf3 e5 24. g3 e4 25. Qe3 Nd3 26. Rhf1 Qc5 27. Qe2 Rf2 28. Rxf2 Qxf2 29. Qh5 Qf7 30. Qe2 Qg6 31. Qg2 Nf4 32. Qh2 e3+ 33. Ka1 exd2 34. Qxd2 Ne6 35. Qf2 Qf6 36. Qg2 Rf8 37. Qe2 Nc5 38. Qd2 Rd8 39. Qg2 Ne4 40. c4 Qf2 41. Qxf2 Nxf2 42. Rxd5 Rxd5 43. cxd5 Kf7 44. Kb1 Ke7 45. Kc2 Kd6 0-1